Guidance and counseling (Record no. 3932)

MARC details
000 -LEADER
fixed length control field 00439nam a22001457a 4500
008 - FIXED-LENGTH DATA ELEMENTS--GENERAL INFORMATION
fixed length control field 250623b |||||||| |||| 00| 0 eng d
020 ## - INTERNATIONAL STANDARD BOOK NUMBER
ISBN 8121927471
100 ## - MAIN ENTRY--AUTHOR
Author Vishala Mary
245 ## - TITLE STATEMENT
Title Guidance and counseling
Remainder of title For teachers, parents and students
260 ## - PUBLICATION, DISTRIBUTION, ETC. (IMPRINT)
Place of publication New Delhi
Name of publisher S. Chand & company
Date of publication 2012
300 ## - COLLATION
Pagination xvi, 215p.
Other physical details ill.
650 ## - TRACINGS
Main Subject Educational and counseling
Subdivision (1st) Home and school
942 ## - ADDED ENTRY ELEMENTS (KOHA)
Item type Books
050 ## - LIBRARY OF CONGRESS CALL NUMBER
Classification number LB3430
Item number .V57
Holdings
Source of classification or shelving scheme Not for loan Permanent location Current location Date acquired Accession No. Full call number Barcode. Koha item type
Library of Congress Classification   Samuel Ogbemudia Main Library, University of Abuja Samuel Ogbemudia Main Library, University of Abuja 06/23/2025 2025/65022 LB3430.V57 2025-2632 Books